000 00831nam a22002177a 4500
001 1940406
003 AM-YEHGA
005 20250618080132.0
008 240131s2024 ai o||||||||||||||0|arm|d
020 _a9789939962535
040 _aAM-YeHGA
041 0 _aarm
100 1 _aՀամբարձումեան, Ռաֆայէլ Հայրիկի
_94055
245 1 0 _aՀայ ժողովրդի սերուցքի 4500-ամեայ զօրապատգամները՝ պատանեկութեանը /
_cՌ. Համբարձումեան.
260 _aԵրեւան :
_bՄեկնարկ,
_c2024.
300 _a105 էջ :
_bլուսանկ․ ;
_c20 սմ.
504 _aՏողատակում՝ մատենագիտական ծանոթագրություն։
650 1 4 _aՀայ դրամատուրգիա
_xԹատերախաղ
942 _2udc
_cBK
090 _c567940
999 _c529505
_d529505